Normal view
MARC view
- BRAYTON, JACK
Entry Personal Name
001 - CONTROL NUMBER
- control field: 79593
003 - CONTROL NUMBER IDENTIFIER
- control field: NUST
005 - DATE AND TIME OF LATEST TRANSACTION
- control field: 20210628210505.0
008 - FIXED-LENGTH DATA ELEMENTS
- fixed length control field: 210628|| aca||aabn | a|a d
040 ## - CATALOGING SOURCE
- Original cataloging agency: NUST
- Transcribing agency: NUST
100 ## - HEADING--PERSONAL NAME
- Personal name: BRAYTON, JACK
670 ## - SOURCE DATA FOUND
- Source citation: Work cat.: (NUST): BRAYTON, JACK, COMPUTERS SELF TAUGHT THROUGH EXPERIMENTS, 1967
